Every College Football National Champion - Statistics

General Stats
  • This quiz has been taken 1,566 times
  • The average score is 35 of 54
Answer Stats
# Years Conference Answer % Correct
18 1925, 1926, 1930, 1934, 1941, 1961, 1964, 1965, 1973, 1978, 1979, 1992, 2009, 2011, 2012, 2015, 2017, 2020 SEC Alabama
97%
11 1901, 1902, 1903, 1904, 1918, 1923, 1932, 1933, 1947, 1948, 1997 Big Ten Michigan
94%
27 1872, 1874, 1876, 1877, 1879, 1880, 1881, 1882, 1883, 1884, 1886, 1887, 1888, 1891, 1892, 1893, 1894, 1895, 1897, 1900, 1901, 1902, 1905, 1906, 1907, 1909, 1927 Ivy League Yale
93%
7 1890, 1898, 1899, 1910, 1912, 1913, 1919 Ivy League Harvard
92%
8 1942, 1954, 1957, 1961, 1968, 1970, 2002, 2014 Big Ten Ohio State
92%
3 1996, 2006, 2008 SEC Florida
89%
4 1942, 1980, 2021, 2022 SEC Georgia
89%
11 1924, 1929, 1930, 1943, 1946, 1947, 1949, 1966, 1973, 1977, 1988 Independent Notre Dame
88%
4 1963, 1969, 1970, 2005 Big 12 Texas
88%
28 1869, 1870, 1872, 1873, 1874, 1875, 1877, 1878, 1879, 1880, 1881, 1884, 1885, 1886, 1889, 1893, 1894, 1896, 1898, 1899, 1903, 1906, 1911, 1920, 1922, 1933, 1935, 1950 Ivy League Princeton
86%
11 1928, 1931, 1932, 1939, 1962, 1967, 1972, 1974, 1978, 2003, 2004 Pac-12 USC
86%
3 1981, 2016, 2018 ACC Clemson
84%
3 1993, 1999, 2013 ACC Florida State
83%
4 1958, 2003, 2007, 2019 SEC LSU
82%
7 1950, 1955, 1956, 1974, 1975, 1985, 2000 Big 12 Oklahoma
82%
7 1894, 1895, 1897, 1904, 1907, 1908, 1924 Ivy League Penn
81%
2 1960, 1991 Pac-12 Washington
77%
6 1938, 1940, 1950, 1951, 1967, 1998 SEC Tennessee
76%
1 1954 Pac-12 UCLA
76%
5 1983, 1987, 1989, 1991, 2001 ACC Miami
75%
5 1970, 1971, 1994, 1995, 1997 Big Ten Nebraska
75%
6 1951, 1952, 1955, 1957, 1965, 1966 Big Ten Michigan State
74%
2 1957, 2010 SEC Auburn
71%
2 1982, 1986 Big Ten Penn State
71%
3 1959, 1960, 1962 SEC Mississippi
70%
7 1904, 1934, 1935, 1936, 1940, 1941, 1960 Big Ten Minnesota
67%
3 1919, 1927, 1939 SEC Texas A&M
66%
5 1920, 1921, 1922, 1923, 1937 Pac-12 California
64%
1 1958 Big Ten Iowa
64%
1 1990 Pac-12 Colorado
63%
4 1917, 1928, 1952, 1990 ACC Georgia Tech
63%
2 1926, 1940 Pac-12 Stanford
63%
3 1944, 1945, 1946 Independent Army
61%
5 1914, 1919, 1923, 1927, 1951 Big Ten Illinois
61%
1 1964 SEC Arkansas
60%
5 1915, 1921, 1922, 1923, 1939 Ivy League Cornell
59%
9 1915, 1916, 1918, 1929, 1931, 1934, 1936, 1937, 1976 ACC Pittsburgh
58%
1 1926 American Navy
56%
1 1950 SEC Kentucky
55%
1 1869 Big Ten Rutgers
55%
1 1925 Ivy League Dartmouth
53%
1 1953 Big Ten Maryland
53%
2 1935, 1938 Big 12 TCU
53%
1 1945 Big 12 Oklahoma State
52%
2 1875, 1933 Ivy League Columbia
51%
1 1984 Big 12 BYU
50%
1 1931 Big Ten Purdue
49%
1 1959 ACC Syracuse
48%
3 1935, 1981, 1982 American SMU
37%
1 2017 Big 12 UCF
37%
2 1905, 1913 Midwest Conference Chicago
23%
3 1896, 1921, 1926 Patriot League Lafayette
14%
1 1919 Southern Athletic Association Centre
2%
1 1928 Independent (Defunct) Detroit
2%
No matching quizzes found
Score Distribution
Percent of People with Each Score
Percentile by Number Answered
Your Score History
You have not taken this quiz